|
|
|
|
| LEADER |
00909nab a2200241 i 4500 |
| 001 |
misc62084 |
| 005 |
20221103153451.0 |
| 008 |
220829s1959 hu o 0|| hun d |
| 022 |
|
|
|a 0025-0368
|
| 040 |
|
|
|a SZTE Miscellanea Repozitórium
|b hun
|
| 041 |
|
|
|a hun
|
| 041 |
|
|
|a mon
|
| 100 |
2 |
|
|a Róna-Tas András
|
| 245 |
1 |
0 |
|a Jelentés második mongóliai tanulmányutamról
|h [elektronikus dokumentum] /
|c Róna-Tas András
|
| 260 |
|
|
|a Akadémiai Kiadó
|b Budapest
|c 1959
|
| 300 |
|
|
|a 345-350
|c 24 cm
|
| 490 |
0 |
|
|a A Magyar Tudományos Akadémia Nyelv- és Irodalomtudományi Osztályának Közleményei
|
| 561 |
|
|
|a Németh Gyula hagyaték
|
| 591 |
|
|
|a LOA 3170; NOA 4997; NOA 4998; XKEK 1873; OA 7018
|
| 650 |
|
4 |
|a Bölcsészettudományok
|
| 650 |
|
4 |
|a Nyelvek és irodalom
|
| 695 |
|
|
|a Mongólia - útleírás
|
| 856 |
4 |
0 |
|u http://misc.bibl.u-szeged.hu/62084/1/7018_oa.pdf
|z Dokumentum-elérés
|